UEFA Youth League Winners - Statistics

General Stats
  • This quiz has been taken 29 times
    8 since last reset
  • The average score is 9 of 11
Answer Stats
Year Winner % Correct
2025 FC Barcelona UEFA U19
100%
2018 FC Barcelona UEFA U19
100%
2014 FC Barcelona UEFA U19
100%
2016 Chelsea FC UEFA U19
88%
2015 Chelsea FC UEFA U19
88%
2020 Real Madrid UEFA U19
88%
2019 FC Porto Youth League
75%
2022 SL Benfica Youth League
75%
2023 AZ Alkmaar UEFA U19
50%
2024 Olympiacos Piraeus UEFA U19
50%
2017 Red Bull Salzburg UEFA U19
50%
No matching quizzes found
Score Distribution
Percent of People with Each Score
Percentile by Number Answered
Your Score History
You have not taken this quiz since the last reset